000 00536nam a2200217Ia 4500
003 OSt
005 20230403095211.0
008 210423s2009 xx 000 0 und d
020 _a9788174468215
040 _cAL
041 _aeng
082 _a658.15 VIJM
100 _aVIJ (Madhu).
_982149
245 _aInternational financial management.
250 _a3
260 _aNew Delhi
_bExcel Books
_c2009
300 _axxi,737
_bPB
365 _b350
_cINR
906 _afinancial ; International ; management.
942 _2ddc
_cBK
999 _c157908
_d157908